| 000 | 00510nam a2200169 4500 | ||
|---|---|---|---|
| 001 | 135694 | ||
| 003 | ES-MaACL | ||
| 007 | t| | ||
| 008 | 070214s1987 sp r ||||1| spa d | ||
| 020 | _a84-86251-68-0 | ||
| 100 | 1 |
_aRothman, Kenneth J. _999974 |
|
| 245 | 1 | 0 |
_aEpidemiología moderna / _cKenneth J. Rothman ; traducción de Antonio Durán. |
| 260 |
_aMadrid : _bDíaz de Santos, _c1987. |
||
| 300 |
_aXVIII, 397 p. ; _c24 cm. |
||
| 700 | 1 |
_aDurán, Antonio. _946170 |
|
| 852 |
_aES-MaACL _jB-9417 _bR.115188 |
||
| 999 |
_c135694 _d135694 |
||